| 000 | 00990nam a2200265Ia 4500 | ||
|---|---|---|---|
| 003 | OSt | ||
| 005 | 20220923211204.0 | ||
| 006 | a|||||r|||| 00| 0 | ||
| 007 | ta | ||
| 008 | 220922b |||||||| |||| 00| 0 san d | ||
| 020 |
_a8190191330 (pbk) _c225 |
||
| 024 | _a324,912 | ||
| 037 |
_b508/1, 24/01/2018, Vidyanidhi Prakashan _cTextual |
||
| 040 |
_aARTS _cARTS _bsan |
||
| 041 |
_2san _asan |
||
| 082 | _aO15vN, 152Q8 | ||
| 100 |
_aमैत्रेय कुमारी, ले. _9159318 |
||
| 245 | 0 | _aआधुनिक संस्कृत साहित्य | |
| 246 | _aĀdhunik sanskṛut sāhitya | ||
| 260 |
_aदिल्ली _b ग्रन्थभारती प्रकाशन _c2018 |
||
| 300 |
_a265पृ0 _ccm. |
||
| 650 |
_aसंस्कृत साहित्य _9159319 |
||
| 942 |
_hO15vN, 152Q8 _cTEXL _2CC |
||
| 999 |
_c296543 _d296543 |
||